Introduction to programming with Visual Basic .NET / (Record no. 26383)
[ view plain ]
| 000 -LEADER | |
|---|---|
| fixed length control field | 00919cam a22002655a 4500 |
| 001 - CONTROL NUMBER | |
| control field | 13605203 |
| 005 - DATE AND TIME OF LATEST TRANSACTION | |
| control field | 20180321140416.0 |
| 008 - FIXED-LENGTH DATA ELEMENTS--GENERAL INFORMATION | |
| fixed length control field | 040525t2005 maua frd 001 0 eng d |
| 020 ## - INTERNATIONAL STANDARD BOOK NUMBER | |
| International Standard Book Number | 0763724785 |
| 040 ## - CATALOGING SOURCE | |
| Original cataloging agency | DLC |
| Transcribing agency | DLC |
| Modifying agency | DLC |
| -- | EG-ScBUE |
| Language of cataloging | eng |
| 082 04 - DEWEY DECIMAL CLASSIFICATION NUMBER | |
| Edition number | 22 |
| Classification number | 005.133 |
| Item number | BRO |
| 100 1# - MAIN ENTRY--PERSONAL NAME | |
| Personal name | Bronson, Gary J. |
| 9 (RLIN) | 26080 |
| 245 10 - TITLE STATEMENT | |
| Title | Introduction to programming with Visual Basic .NET / |
| Statement of responsibility, etc | Gary J. Bronson, David Rosenthal. |
| 260 ## - PUBLICATION, DISTRIBUTION, ETC. (IMPRINT) | |
| Place of publication, distribution, etc | Sudbury : |
| Name of publisher, distributor, etc | Jones and Bartlett Publishers, |
| Date of publication, distribution, etc | c.2005. |
| 300 ## - PHYSICAL DESCRIPTION | |
| Extent | xvii, 756 p. : |
| Other physical details | ill. ; |
| Dimensions | 23 cm. |
| 500 ## - GENERAL NOTE | |
| General note | Glossary : p. 735-741. |
| 500 ## - GENERAL NOTE | |
| General note | Index : p. 743-756. |
| 630 07 - SUBJECT ADDED ENTRY--UNIFORM TITLE | |
| Uniform title | Visual Basic. |
| 9 (RLIN) | 27410 |
| 630 07 - SUBJECT ADDED ENTRY--UNIFORM TITLE | |
| Uniform title | Microsoft .NET Framework. |
| 650 #7 - SUBJECT ADDED ENTRY--TOPICAL TERM | |
| Topical term or geographic name as entry element | BASIC (Computer program language) |
| Source of heading or term | BUEsh |
| 9 (RLIN) | 33811 |
| 653 ## - INDEX TERM--UNCONTROLLED | |
| Resource For college | Informatics and Computer Science |
| Arrived date list | March2018 |
| 700 1# - ADDED ENTRY--PERSONAL NAME | |
| Personal name | Rosenthal, David A. |
| 856 41 - ELECTRONIC LOCATION AND ACCESS | |
| Materials specified | Table of contents |
| Uniform Resource Identifier | <a href="http://www.loc.gov/catdir/toc/ecip0418/2004012442.html">http://www.loc.gov/catdir/toc/ecip0418/2004012442.html</a> |
| 942 ## - ADDED ENTRY ELEMENTS (KOHA) | |
| Source of classification or shelving scheme | Dewey Decimal Classification |
| Withdrawn status | Item status | Source of classification or shelving scheme | Damaged status | Not for loan | Home library | Current library | Shelving location | Date acquired | Total Checkouts | Full call number | Barcode | Date last seen | Koha item type |
|---|---|---|---|---|---|---|---|---|---|---|---|---|---|
| Dewey Decimal Classification | Central Library | Central Library | Lower Floor | 21/03/2018 | 005.133 BRO | 000047485 | 15/07/2025 | Book - Borrowing |